Statistics for All My Singing Monsters islands

Click here to take the quiz!

General Stats

  • This quiz has been taken 247 times
  • The average score is 20 of 23

Answer Stats

HintNatural% Correct
NaturalPlant Island
99%
NaturalCold Island
98%
NaturalEarth Island
98%
NaturalAir Island
97%
NaturalWater Island
97%
FireFire Oasis
95%
FireFire Haven
92%
MagicalBone Island
90%
MagicalLight Island
89%
Teleport/EggWublin Island
89%
MagicalFaerie Island
88%
Teleport/EggShugabush Island
87%
Teleport/EggGold Island
86%
Teleport/EggAmber Island
85%
Teleport/EggEthereal Island
82%
Teleport/EggMythical Island
81%
MagicalPsychic Island
81%
Teleport/EggMagical Sanctum
80%
Teleport/EggSeasonal Shanty
78%
Teleport/EggCelestial Island
73%
OtherTribal Island
71%
OtherComposer Island
67%
Teleport/EggThe Colossingum
57%

Score Distribution

Percentile by Number Answered

Percent of People with Each Score

Your Score History

You have not taken this quiz